| Tag |
First Indicator |
Second Indicator |
Subfields |
| LEADER |
00000cam a2200000 i 4500 |
| 001 |
in00000060133 |
| 005 |
20151008051603.0 |
| 008 |
791011s1979 nyua b 00110 eng |
| 010 |
|
|
|a 79050451
|
| 020 |
|
|
|a 0814713777
|
| 035 |
|
|
|a (OCoLC)05317759
|
| 035 |
|
|
|9 AAG8826AM
|
| 040 |
|
|
|a DLC
|c DLC
|d OCL
|d KUM
|d TXA
|d UtOrBLW
|
| 049 |
|
|
|a TXAM
|c [1383331]
|
| 050 |
0 |
0 |
|a RA410
|b .C84
|
| 060 |
|
0 |
|a W 74 C967e 1979
|
| 082 |
0 |
|
|a 338.4/7/3621
|
| 100 |
1 |
|
|a Cullis, John G.
|
| 245 |
1 |
4 |
|a The economics of health :
|b an introduction /
|c John G. Cullis & Peter A. West.
|
| 264 |
|
1 |
|a New York :
|b New York University Press,
|c 1979.
|
| 300 |
|
|
|a ix, 309 pages :
|b illustrations ;
|c 23 cm.
|
| 336 |
|
|
|a text
|b txt
|2 rdacontent
|
| 337 |
|
|
|a unmediated
|b n
|2 rdamedia
|
| 338 |
|
|
|a volume
|b nc
|2 rdacarrier
|
| 504 |
|
|
|a Includes bibliographical references and indexes.
|
| 650 |
|
0 |
|a Medical economics.
|
| 650 |
|
2 |
|a Economics, Medical.
|
| 650 |
|
2 |
|a Health Services.
|
| 700 |
1 |
|
|a West, Peter A.
|
| 999 |
|
|
|a MARS
|
| 999 |
f |
f |
|s 67f4191b-91f6-30f0-a4ae-424e275937a2
|i ae4735f7-f413-3aa3-a756-6e5e9c789820
|t 0
|
| 952 |
f |
f |
|p ric
|a Texas A&M University
|b Rellis Campus
|c Joint Library Facility
|d Remote Storage
|t 0
|e RA410 .C84
|h Library of Congress classification
|i unmediated -- volume
|m A14805064242
|
| 998 |
f |
f |
|a RA410 .C84
|t 0
|l Remote Storage
|